000 00750nam a2200205 a 4500
001 1617104
008 160601s1996 ||||||||||||||||| || u
010 _a95040324
020 _a0133711471
050 _aQH 430 Klu
100 _aKlug, William S
245 1 0 _aEssentials of genetics. (2nd ed)
_cWilliam S. Klug, Michael R. Cummings
250 _a2nd ed.
260 _aUpper Saddle River, N.J.
_bPrentice Hall
_c1996
300 _axv, 560 p. : ill.
500 _aIncludes bibliographical references and index.
650 0 _aGENETICS
700 _aCummings, Michael R
995 _aMEDICAL LIBRARY OPEN ACCESS
_e900033
_FCBU-SCHOOL OF MEDICINE LIBRARY (Ndola)
_jQH 430 Klu
_M1
_UAVAILABLE
_WJun 1, 2016
_y900033
_ZMedical Library Open Access Collection
999 _c31391
_d31391